[Event "21st European Teams"]
[Site "Hersonissos GRE"]
[Date "2017.10.31"]
[Round "4.11"]
[Board "2"]
[White "Hammer, Jon Ludvig"]
[Black "Gharamian, Tigran"]
[Result "1/2-1/2"]
[WhiteTitle "GM"]
[BlackTitle "GM"]
[WhiteElo "2632"]
[BlackElo "2626"]
[WhiteTeam "Norway"]
[BlackTeam "France"]
[WhiteFideId "1503707"]
[BlackFideId "13301527"]
[EventDate "2017.10.28"]

1. e4 c5 2. Nf3 d6 3. Bb5+ Nd7 4. d4 cxd4 5. Qxd4 a6 6. Bxd7+ Bxd7 7. Nc3 e5 8.
Qd3 h6 9. Nd2 Nf6 10. Nc4 Be6 11. O-O Rc8 12. Ne3 Be7 13. a4 O-O 14. Rd1 Rc5 15.
Bd2 Qb8 16. a5 Rcc8 17. Be1 Rfd8 18. Kh1 Qc7 19. f3 Bc4 20. Nxc4 Qxc4 21. Bh4
Qxd3 22. Rxd3 g5 23. Bg3 Rc4 24. Kg1 Rdc8 25. Kf1 Kf8 26. Ke2 Ne8 27. Kd1 Ng7
28. Ra4 Ne6 29. Rxc4 Rxc4 30. b3 Rc5 31. b4 Rc4 32. Nd5 Nc7 33. Nxc7 Rxc7 34. c3
f6 35. Kc2 Kf7 36. Kb3 Ke6 37. Bf2 h5 38. g4 Rc8 39. c4 Rh8 40. Bg1 Rc8 41. Rc3
Rh8 42. Ka4 Rc8 43. b5 h4 44. bxa6 bxa6 45. Bb6 Kd7 46. Kb3 Kc6 47. Rd3 Rb8 48.
c5 dxc5 49. Kc4 Bd6 50. Rd5 Be7 51. Rd3 Bd6 52. Rd5 Be7 53. Rd3 1/2-1/2

[Event "21st European Teams"]
[Site "Hersonissos GRE"]
[Date "2017.10.31"]
[Round "4.11"]
[Board "3"]
[White "Fressinet, Laurent"]
[Black "Christiansen, Johan-Sebastian"]
[Result "1-0"]
[WhiteTitle "GM"]
[BlackTitle "IM"]
[WhiteElo "2657"]
[BlackElo "2462"]
[WhiteTeam "France"]
[BlackTeam "Norway"]
[WhiteFideId "608742"]
[BlackFideId "1512668"]
[EventDate "2017.10.28"]

1. d4 d5 2. Nf3 Nf6 3. c4 dxc4 4. e3 e6 5. Bxc4 a6 6. O-O b5 7. Be2 Bb7 8. a4 b4
9. Ne5 c5 10. dxc5 Qxd1 11. Rxd1 Bxc5 12. Nd2 Be7 13. Ndc4 O-O 14. Bd2 Nc6 15.
Nxc6 Bxc6 16. Nb6 Rab8 17. a5 Bb7 18. f3 Rfd8 19. e4 Bc5+ 20. Kf1 e5 21. Rac1
Bd6 22. Be3 Ne8 23. Nc4 Bc7 24. Bb6 Rxd1+ 25. Rxd1 f6 26. Bxc7 Nxc7 27. Nb6 Kh8
28. Rd6 b3 29. Bc4 Nb5 30. Bxb5 axb5 31. Nd7 Rd8 32. a6 Ba8 33. Nxe5 Rc8 34.
Rd8+ Rxd8 35. Nf7+ Kg8 36. Nxd8 1-0

[Event "21st European Teams"]
[Site "Hersonissos GRE"]
[Date "2017.10.31"]
[Round "4.11"]
[Board "4"]
[White "Notkevich, Benjamin Arvola"]
[Black "Maze, Sebastien"]
[Result "0-1"]
[WhiteTitle "IM"]
[BlackTitle "GM"]
[WhiteElo "2458"]
[BlackElo "2614"]
[WhiteTeam "Norway"]
[BlackTeam "France"]
[WhiteFideId "1506536"]
[BlackFideId "613762"]
[EventDate "2017.10.28"]

1. e4 e5 2. Nf3 Nc6 3. Bb5 a6 4. Ba4 d6 5. c3 Bd7 6. O-O g6 7. d4 Bg7 8. d5 Nce7
9. Bxd7+ Qxd7 10. c4 h6 11. Ne1 f5 12. f3 Nf6 13. Nc3 O-O 14. Nd3 Rf7 15. Nf2 f4
16. Qa4 Qd8 17. Qb3 Rb8 18. Na4 b6 19. Nc3 g5 20. Qd1 h5 21. a4 a5 22. Bd2 Bf8
23. Ra3 Qd7 24. h3 Bh6 25. Nb5 Kh7 26. b4 axb4 27. Bxb4 Rg7 28. a5 bxa5 29. Rxa5
Rb7 30. Qe2 Ng6 31. Be1 Rg8 32. c5 dxc5 33. Na3 Bf8 34. Nc4 Bd6 35. Nd3 Qe7 36.
Bf2 Nd7 37. Ra6 Nh8 38. Rfa1 Nf7 39. Na5 Rb6 40. Ra7 g4 41. fxg4 hxg4 42. hxg4
Nh6 43. Nc4 Rbb8 44. Nxd6 Qxd6 45. Rc1 Nxg4 46. Nxc5 Qh6 47. Rxc7 Qh2+ 48. Kf1
Qh1+ 49. Bg1 Nh2+ 50. Ke1 Qxg1+ 51. Kd2 Rb2+ 52. Rc2 Rxc2+ 53. Kxc2 Rxg2 54.
Rxd7+ Kh6 55. Rd6+ Kg5 56. Ne6+ Kh4 0-1

[Event "21st European Teams"]
[Site "Hersonissos GRE"]
[Date "2017.10.31"]
[Round "4.12"]
[Board "1"]
[White "Papaioannou, Ioannis"]
[Black "Tate, Alan"]
[Result "1/2-1/2"]
[WhiteTitle "GM"]
[BlackTitle "FM"]
[WhiteElo "2652"]
[BlackElo "2366"]
[WhiteTeam "Greece 1"]
[BlackTeam "Scotland"]
[WhiteFideId "4201345"]
[BlackFideId "2401878"]
[EventDate "2017.10.28"]

1. d4 d5 2. Nf3 Nf6 3. c4 c6 4. e3 Bg4 5. Nc3 e6 6. Qb3 Qb6 7. Nh4 Bh5 8. h3 g5
9. Nf3 h6 10. Bd3 Nbd7 11. g4 Bg6 12. Bxg6 fxg6 13. Qc2 Rg8 14. b3 Bb4 15. Nd2
e5 16. dxe5 Nxe5 17. a3 Be7 18. Na4 Qa5 19. Qc3 Qxc3 20. Nxc3 O-O-O 21. cxd5
Nxd5 22. Nce4 Bf6 23. Nxf6 Nxf6 24. Ke2 Nd3 25. Rb1 Rge8 26. Bb2 Nf4+ 27. Ke1
Nd3+ 28. Ke2 Nf4+ 29. Ke1 Nd3+ 30. Ke2 Nf4+ 1/2-1/2

[Event "21st European Teams"]
[Site "Hersonissos GRE"]
[Date "2017.10.31"]
[Round "4.12"]
[Board "2"]
[White "Berry, Neil"]
[Black "Mastrovasilis, Dimitrios"]
[Result "0-1"]
[WhiteTitle "FM"]
[BlackTitle "GM"]
[WhiteElo "2283"]
[BlackElo "2571"]
[WhiteTeam "Scotland"]
[BlackTeam "Greece 1"]
[WhiteFideId "2400650"]
[BlackFideId "4202694"]
[EventDate "2017.10.28"]

1. d4 d5 2. c4 e6 3. Nf3 Nf6 4. g3 Be7 5. Bg2 O-O 6. O-O c6 7. Qc2 b6 8. Nbd2
Bb7 9. e4 Na6 10. a3 dxc4 11. Nxc4 c5 12. e5 Nd5 13. dxc5 Nxc5 14. b4 Nd7 15.
Bb2 Rc8 16. Qb3 b5 17. Na5 Ba8 18. Rac1 Qb6 19. Bd4 Qb8 20. Qd3 a6 21. Rfd1 h6
22. Qe2 Rc7 23. Rxc7 Qxc7 24. Bb2 Rc8 25. Rc1 Qb8 26. Rxc8+ Qxc8 27. Nd4 Bd8 28.
Qc2 Qxc2 29. Nxc2 Bc7 30. f4 g5 31. Bd4 gxf4 32. gxf4 Nf8 33. Bb2 Ng6 34. Bc1
Nh4 35. Bh1 Bb6+ 36. Kf1 Nxb4 37. Bxa8 Nxc2 38. Nb3 Be3 39. Ke2 Bxc1 40. Nxc1
Nxa3 41. Nb3 Ng6 42. Bb7 Nxf4+ 43. Kf3 Nd3 44. Bxa6 Nxe5+ 45. Ke4 Nd7 46. Kd4
Kf8 47. Kc3 Nb8 48. Bb7 Nc4 49. Kb4 Nd6 50. Bf3 Ke7 51. Nd4 e5 52. Nxb5 Nxb5 53.
Kxb5 Ke6 54. Kc4 f5 55. Bb7 Kf6 56. Kd3 Nd7 57. Ke3 Nc5 58. Bd5 Ne6 59. Bc6 e4 0-1

[Event "21st European Teams"]
[Site "Hersonissos GRE"]
[Date "2017.10.31"]
[Round "4.12"]
[Board "3"]
[White "Pavlidis, Antonios"]
[Black "Morrison, Graham SCO"]
[Result "1/2-1/2"]
[WhiteTitle "GM"]
[BlackTitle "FM"]
[WhiteElo "2546"]
[BlackElo "2278"]
[WhiteTeam "Greece 1"]
[BlackTeam "Scotland"]
[WhiteFideId "4212312"]
[BlackFideId "2400090"]
[EventDate "2017.10.28"]

1. e4 c6 2. d4 d5 3. Nd2 dxe4 4. Nxe4 Nd7 5. Ng5 Ngf6 6. Bd3 e6 7. N1f3 Bd6 8.
Qe2 h6 9. Ne4 Nxe4 10. Qxe4 Qc7 11. O-O b6 12. Qg4 Kf8 13. Re1 Bb7 14. b3 Nf6
15. Qh3 Bb4 16. Rd1 Bc3 17. Rb1 Kg8 18. b4 a5 19. bxa5 Rxa5 20. Rb3 Nd5 21. a3
c5 22. dxc5 Rxc5 23. Qg3 Qxg3 24. hxg3 Bc6 25. Bd2 Ba4 26. Rbb1 g5 27. Be4 Nf6
28. Bd3 Nd5 29. Be4 Nf6 30. Bxc3 Rxc3 31. Rd4 Bxc2 32. Bxc2 Rxc2 33. Rd2 Rxd2
34. Nxd2 Nd5 35. Nc4 Kg7 36. Rb2 Ra8 37. f3 Ra4 38. Nxb6 Nxb6 39. Rxb6 Rxa3 40.
g4 Re3 41. Kf2 Re5 42. Ra6 Kg6 43. Ra7 Rb5 44. Rc7 Rb6 45. Ra7 f5 46. gxf5+ exf5
47. Ra8 f4 48. Kg1 Re6 49. Kh2 Kh5 50. Ra4 Kg6 51. Ra8 h5 52. Rg8+ Kf5 53. Rh8
Kg6 1/2-1/2

[Event "21st European Teams"]
[Site "Hersonissos GRE"]
[Date "2017.10.31"]
[Round "4.12"]
[Board "4"]
[White "Burnett, Andrew"]
[Black "Halkias, Stelios"]
[Result "0-1"]
[WhiteTitle "FM"]
[BlackTitle "GM"]
[WhiteElo "2226"]
[BlackElo "2583"]
[WhiteTeam "Scotland"]
[BlackTeam "Greece 1"]
[WhiteFideId "2400855"]
[BlackFideId "4201809"]
[EventDate "2017.10.28"]

1. d4 Nf6 2. Nf3 d5 3. Bf4 c5 4. e3 Nc6 5. Nbd2 cxd4 6. exd4 Qb6 7. Nb3 Bg4 8.
Be2 e6 9. O-O Be7 10. h3 Bxf3 11. Bxf3 O-O 12. a4 a6 13. a5 Qd8 14. Qe2 Rc8 15.
Rfc1 Bb4 16. Bg5 Be7 17. c3 Re8 18. Bf4 h6 19. Qd2 Nd7 20. Re1 Nf8 21. Bd1 Ng6
22. Be3 Bd6 23. Bc2 Qf6 24. Nc5 Bxc5 25. dxc5 Rcd8 26. Ra4 e5 27. Bxg6 fxg6 28.
f3 d4 29. Bf2 Qf7 30. cxd4 exd4 31. Rxe8+ Qxe8 32. Ra3 Qe6 33. Bg3 Qc4 34. Bd6
Re8 35. Rd3 g5 36. b3 Qe6 37. Bg3 Qd5 38. Bd6 Qf5 39. b4 Qd5 40. Bg3 Qc4 41. f4
gxf4 42. Bxf4 Re6 43. Bg3 Re4 44. Bf2 Qd5 45. Qd1 Qe6 46. Qf3 Qe5 47. Qd1 Qe6
48. Qf3 Kh7 49. Kh2 Nxb4 50. Rxd4 Rxd4 51. Bxd4 Nc6 52. Bc3 Kg8 53. Qg3 Qf7 54.
Kg1 Qe7 55. Kh2 Qf7 56. Kg1 Kh8 57. Qe3 Kh7 58. g4 Qc4 59. Kf2 Qd5 60. Kg3 Qc4
61. h4 Kg8 62. h5 Qf7 63. Qe4 Nd8 64. Qf5 Ne6 65. Bb4 Qc7+ 66. Kg2 Qc6+ 67. Qf3
Qd7 68. Qe4 Ng5 69. Qc4+ Kh8 70. Qf4 Qd5+ 71. Kg3 Kg8 72. Qb8+ Kh7 73. Qf4 Qb3+
74. Kg2 Qa2+ 75. Kg3 Qb3+ 76. Kg2 Qd5+ 77. Kg3 Kg8 78. Qb8+ Kh7 79. Qf4 Qd3+ 80.
Kg2 Qd5+ 81. Kg3 Ne4+ 82. Kh3 Qb3+ 83. Kh4 Qxb4 84. Qf5+ Kh8 85. Qf8+ Kh7 86.
Qf5+ Kg8 87. Qc8+ Kf7 88. Qd7+ Kf6 89. Qf5+ Ke7 90. Qe5+ Kd8 91. Qb8+ Kd7 92.
c6+ Kxc6 0-1

[Event "21st European Teams"]
[Site "Hersonissos GRE"]
[Date "2017.10.31"]
[Round "4.13"]
[Board "1"]
[White "Djukic, Nikola"]
[Black "Lenic, Luka"]
[Result "1/2-1/2"]
[WhiteTitle "GM"]
[BlackTitle "GM"]
[WhiteElo "2519"]
[BlackElo "2650"]
[WhiteTeam "Montenegro"]
[BlackTeam "Slovenia"]
[WhiteFideId "922412"]
[BlackFideId "14603853"]
[EventDate "2017.10.28"]

1. e4 e5 2. Nf3 Nc6 3. Bb5 a6 4. Ba4 Nf6 5. O-O b5 6. Bb3 Bc5 7. a4 Rb8 8. c3 d6
9. d3 h6 10. Nbd2 O-O 11. h3 Bb6 12. Re1 Ne7 13. Nf1 Ng6 14. Ng3 c5 15. axb5
axb5 16. d4 Re8 17. dxe5 dxe5 18. c4 Qxd1 19. Bxd1 bxc4 20. Be2 Be6 21. Nd2 Nf4
22. Bxc4 Ra8 23. Rxa8 Rxa8 24. Bxe6 Nxe6 25. Nc4 Bc7 26. Bd2 Ra4 27. Na3 h5 28.
f3 g6 29. Nf1 Nd7 30. Ne3 Ba5 1/2-1/2

[Event "21st European Teams"]
[Site "Hersonissos GRE"]
[Date "2017.10.31"]
[Round "4.13"]
[Board "3"]
[White "Draskovic, Luka"]
[Black "Sebenik, Matej"]
[Result "0-1"]
[WhiteTitle "IM"]
[BlackTitle "GM"]
[WhiteElo "2450"]
[BlackElo "2534"]
[WhiteTeam "Montenegro"]
[BlackTeam "Slovenia"]
[WhiteFideId "944335"]
[BlackFideId "14602296"]
[EventDate "2017.10.28"]

1. e4 c5 2. Nf3 Nc6 3. Bb5 e6 4. O-O Nge7 5. Re1 a6 6. Bf1 d5 7. exd5 Nxd5 8. d4
Nf6 9. Be3 cxd4 10. Nxd4 Bd7 11. Nb3 Qc7 12. Nc3 Bd6 13. h3 Ne7 14. Nd2 Nf5 15.
Bg5 Bc6 16. Nde4 Nxe4 17. Nxe4 Bh2+ 18. Kh1 h6 19. Bc1 Be5 20. c3 Rd8 21. Qc2
O-O 22. Bd2 Rd7 23. c4 Rfd8 24. Bc3 Bxc3 25. Qxc3 Qf4 26. Qc1 Qh4 27. Qc2 Rd4 0-1

[Event "21st European Teams"]
[Site "Hersonissos GRE"]
[Date "2017.10.31"]
[Round "4.13"]
[Board "4"]
[White "Skoberne, Jure"]
[Black "Kalezic, Blazo"]
[Result "1-0"]
[WhiteTitle "GM"]
[BlackTitle "IM"]
[WhiteElo "2544"]
[BlackElo "2465"]
[WhiteTeam "Slovenia"]
[BlackTeam "Montenegro"]
[WhiteFideId "14604299"]
[BlackFideId "921815"]
[EventDate "2017.10.28"]

1. Nf3 d5 2. g3 c6 3. c4 Nf6 4. Bg2 Bg4 5. Ne5 Bf5 6. cxd5 cxd5 7. Qb3 Nc6 8.
Nxc6 bxc6 9. d3 e6 10. O-O Be7 11. Qa4 Qd7 12. Bf4 O-O 13. Rc1 Rfc8 14. Nd2 Bg4
15. e4 Be2 16. Qc2 dxe4 17. dxe4 Rd8 18. Nc4 Bd3 19. Qa4 Bxc4 20. Rxc4 Rac8 21.
Bf3 c5 22. Qxd7 Nxd7 23. Ra4 g5 24. Be3 Rc7 25. b3 h6 26. Rc1 Ne5 27. Be2 Rcd7
28. Kf1 Kg7 29. h3 Kg6 30. Bxc5 Bxc5 31. Rxc5 Rd2 32. Rxe5 Rb2 33. Rxa7 Rdd2 34.
Bh5+ Kxh5 35. Rxf7 Kg6 36. Rf3 Rxa2 37. Rxe6+ Kg7 38. Re7+ Kg8 39. Re6 Kg7 40.
e5 Rab2 41. Rff6 Rxb3 42. Rg6+ 1-0

[Event "21st European Teams"]
[Site "Hersonissos GRE"]
[Date "2017.10.31"]
[Round "4.14"]
[Board "1"]
[White "Kelires, Andreas"]
[Black "Mehmeti, Dritan"]
[Result "1/2-1/2"]
[WhiteTitle "GM"]
[BlackTitle "IM"]
[WhiteElo "2510"]
[BlackElo "2428"]
[WhiteTeam "Greece 2"]
[BlackTeam "Albania"]
[WhiteFideId "5900727"]
[BlackFideId "4700600"]
[EventDate "2017.10.28"]

1. Nf3 Nf6 2. d4 c5 3. c4 cxd4 4. Nxd4 e5 5. Nb5 d5 6. cxd5 Bc5 7. N5c3 O-O 8.
g3 Qb6 9. e3 Bg4 10. Be2 Bxe2 11. Qxe2 e4 12. a3 Nbd7 13. Nd2 Rfe8 14. b4 Bf8
15. Bb2 a5 16. Nc4 Qd8 17. d6 axb4 18. axb4 Rxa1+ 19. Bxa1 Ne5 20. Nxe5 Rxe5 21.
O-O Bxd6 22. Rd1 Re6 23. Nb5 Qf8 24. Nxd6 Rxd6 25. Rc1 h6 26. Bd4 Qe8 27. b5 Qe6
28. Qc2 Nd5 29. Qa2 Kh7 30. Qa8 Rd7 31. Qf8 Nf6 32. Qc5 Rd5 33. Qc4 Ng4 34. h3
Ne5 35. Bxe5 Qxe5 36. b6 Qe6 37. Kg2 Rd6 38. Qxe6 Rxe6 39. Rc7 Rxb6 40. Rxf7 1/2-1/2

[Event "21st European Teams"]
[Site "Hersonissos GRE"]
[Date "2017.10.31"]
[Round "4.14"]
[Board "2"]
[White "Pasko, Llambi"]
[Black "Theodorou, Nikolas"]
[Result "0-1"]
[BlackTitle "IM"]
[WhiteElo "2292"]
[BlackElo "2512"]
[WhiteTeam "Albania"]
[BlackTeam "Greece 2"]
[WhiteFideId "4701178"]
[BlackFideId "4262875"]
[EventDate "2017.10.28"]

1. d4 Nf6 2. Nf3 d6 3. c4 g6 4. Nc3 Bg7 5. e4 O-O 6. Be2 Na6 7. O-O e5 8. Be3
Qe7 9. dxe5 dxe5 10. Nd5 Qd8 11. Qc2 Ng4 12. Bg5 f6 13. Bc1 c6 14. Ne3 Qe7 15.
a3 f5 16. Nxg4 fxg4 17. Bg5 Bf6 18. Bxf6 Rxf6 19. Nd2 Bd7 20. b4 c5 21. b5 Nc7
22. Nb1 Ne6 23. Bxg4 Nd4 24. Qd1 Bxg4 25. Qxg4 Rf4 26. Qh3 Qg5 27. Nc3 Rf3 28.
Qd7 Rxc3 29. Qxb7 Rf8 30. Qxa7 Rh3 31. Kh1 Rxh2+ 32. Kxh2 Qh4+ 0-1

[Event "21st European Teams"]
[Site "Hersonissos GRE"]
[Date "2017.10.31"]
[Round "4.14"]
[Board "3"]
[White "Mastrovasilis, Athanasios"]
[Black "Ashiku, Franc"]
[Result "1/2-1/2"]
[WhiteTitle "GM"]
[BlackTitle "FM"]
[WhiteElo "2488"]
[BlackElo "2394"]
[WhiteTeam "Greece 2"]
[BlackTeam "Albania"]
[WhiteFideId "4201990"]
[BlackFideId "4700066"]
[EventDate "2017.10.28"]

1. d4 d5 2. Nf3 Nf6 3. g3 e6 4. Bg2 Be7 5. O-O O-O 6. b3 b6 7. c4 Bb7 8. Nc3
Nbd7 9. Bb2 c5 10. Ne1 Ne4 11. cxd5 Nxc3 12. Bxc3 Bxd5 13. Bxd5 exd5 14. dxc5
Nxc5 15. Rc1 Rc8 16. Nd3 d4 17. Bb2 Ne6 18. Rxc8 Qxc8 19. Qb1 Qb8 20. Rc1 Rc8
21. Rxc8+ Qxc8 22. Qc1 Qxc1+ 23. Bxc1 Bd6 24. g4 g6 25. h3 f5 26. Kg2 Kf7 27.
gxf5 gxf5 28. Kf3 Kg6 29. Kg2 Kf6 30. f4 Nc5 31. Bb2 Nxd3 1/2-1/2

[Event "21st European Teams"]
[Site "Hersonissos GRE"]
[Date "2017.10.31"]
[Round "4.14"]
[Board "4"]
[White "Seitaj, Ilir"]
[Black "Malikentzos, Sotirios"]
[Result "1/2-1/2"]
[WhiteTitle "IM"]
[BlackTitle "FM"]
[WhiteElo "2372"]
[BlackElo "2434"]
[WhiteTeam "Albania"]
[BlackTeam "Greece 2"]
[WhiteFideId "4700031"]
[BlackFideId "4215079"]
[EventDate "2017.10.28"]

1. e4 e5 2. Nf3 Nf6 3. Nc3 Bb4 4. Nxe5 O-O 5. Be2 Re8 6. Nd3 Bxc3 7. dxc3 Nxe4
8. O-O d5 9. Be3 Bf5 10. Nf4 Nf6 11. Re1 c6 12. h3 Nbd7 13. c4 Nb6 14. cxd5
Nbxd5 15. Nxd5 Nxd5 16. Bd2 Qb6 17. Qc1 Nb4 18. Bxb4 Qxb4 19. c3 Qb6 20. b4 a5
21. a3 c5 22. Qg5 g6 23. bxc5 Qxc5 24. c4 Kg7 25. Qc1 Qd4 26. Bf3 Rxe1+ 27. Qxe1
Re8 28. Qd1 Bd3 29. Rc1 Qb2 30. c5 Be2 31. Bxe2 Rxe2 32. Rb1 Qe5 33. a4 Qe4 34.
Qb3 Rc2 35. Qe3 Qxe3 36. fxe3 Rxc5 37. Rxb7 Rc4 38. Ra7 Rxa4 39. Kf2 h5 40. h4
Kf6 41. Kf3 Ke6 42. e4 Ra1 43. Kf4 Kd6 44. Ke3 Ra3+ 45. Kf4 Ra2 46. g3 a4 47.
Kf3 Ra1 48. Kg2 Ke6 49. Ra5 a3 50. Kh2 Kd6 51. e5+ Kc6 52. Kg2 Kb6 53. Ra8 Kc5
54. Ra7 Kb4 55. Rb7+ Kc3 56. Rc7+ Kb2 57. Rb7+ Ka2 58. Kf2 Rb1 59. Rxf7 Rb5 60.
e6 Re5 61. Re7 Rf5+ 62. Kg2 Re5 63. Kf2 Rf5+ 64. Kg2 1/2-1/2

[Event "21st European Teams"]
[Site "Hersonissos GRE"]
[Date "2017.10.31"]
[Round "4.15"]
[Board "1"]
[White "Ferreira, Jorge Viterbo"]
[Black "Steingrimsson, Hedinn"]
[Result "1-0"]
[WhiteTitle "IM"]
[BlackTitle "GM"]
[WhiteElo "2499"]
[BlackElo "2576"]
[WhiteTeam "Portugal"]
[BlackTeam "Iceland"]
[WhiteFideId "1910850"]
[BlackFideId "2300117"]
[EventDate "2017.10.28"]

1. e4 c5 2. Nf3 d6 3. Bb5+ Nd7 4. a4 Nf6 5. Nc3 a6 6. Bc4 b6 7. O-O Bb7 8. d4
cxd4 9. Nxd4 Nxe4 10. Nxe4 Bxe4 11. Qe2 Bb7 12. Bg5 Ne5 13. Bb3 h6 14. Bh4 Qc8
15. f4 Nc6 16. c3 g6 17. Rae1 Qd7 18. f5 Nxd4 19. cxd4 g5 20. Bg3 h5 21. h4 gxh4
22. Bxh4 O-O-O 23. Qc4+ Kb8 24. Qxf7 Qc6 25. Rf2 b5 26. a5 b4 27. f6 e5 28. Rc2
Qd7 29. Qxd7 Rxd7 30. Be6 Rc7 31. Rxc7 Kxc7 32. d5 Rh6 33. Re4 Rg6 34. Rc4+ Kb8
35. Rxb4 Bh6 36. f7 Bf8 37. Bd8 Rg3 38. Rh4 Rd3 39. Rxh5 e4 40. Rh8 e3 41. Rxf8 1-0

[Event "21st European Teams"]
[Site "Hersonissos GRE"]
[Date "2017.10.31"]
[Round "4.15"]
[Board "2"]
[White "Gretarsson, Hjorvar Steinn"]
[Black "Sousa, Andre Ventura"]
[Result "1-0"]
[WhiteTitle "GM"]
[BlackTitle "IM"]
[WhiteElo "2567"]
[BlackElo "2405"]
[WhiteTeam "Iceland"]
[BlackTeam "Portugal"]
[WhiteFideId "2302241"]
[BlackFideId "1917617"]
[EventDate "2017.10.28"]

1. c4 e6 2. Nc3 d5 3. d4 Bb4 4. cxd5 exd5 5. Bf4 Nf6 6. e3 O-O 7. Bd3 c5 8. a3
Ba5 9. Ne2 cxd4 10. exd4 Nc6 11. O-O Nh5 12. Be3 Be6 13. b4 Bc7 14. Ng3 Nxg3 15.
hxg3 Qf6 16. Qd2 Bb6 17. Rad1 h6 18. Bb1 Rfd8 19. Na4 Rac8 20. Qd3 g6 21. Nxb6
axb6 22. Bxh6 Bf5 23. Qd2 Bxb1 24. Bg5 Qxd4 25. Bxd8 Rxd8 26. Qxd4 Nxd4 27. Rxd4
Ba2 28. Rc1 Rd7 29. Rd2 Bb3 30. Rc3 Ba4 31. Rcd3 Bc6 32. b5 Bxb5 33. Rxd5 Rxd5
34. Rxd5 Bc6 35. Rd4 b5 36. f3 Kg7 37. Kf2 Kf6 38. Ke3 Ke5 39. g4 g5 40. g3 f6
41. Rd2 Ke6 42. f4 Ke7 43. Rh2 Bd7 44. Rh7+ 1-0

[Event "21st European Teams"]
[Site "Hersonissos GRE"]
[Date "2017.10.31"]
[Round "4.15"]
[Board "3"]
[White "Silva, Luis Neves Da"]
[Black "Stefansson, Hannes"]
[Result "0-1"]
[WhiteTitle "FM"]
[BlackTitle "GM"]
[WhiteElo "2355"]
[BlackElo "2508"]
[WhiteTeam "Portugal"]
[BlackTeam "Iceland"]
[WhiteFideId "1919121"]
[BlackFideId "2300087"]
[EventDate "2017.10.28"]

1. d4 d5 2. c4 e6 3. Nf3 a6 4. cxd5 exd5 5. Nc3 Nf6 6. Bg5 Be6 7. e3 Nbd7 8. Bd3
h6 9. Bf4 g5 10. Bg3 Nh5 11. Be5 Ng7 12. Bg3 Nh5 13. Qc2 Nxg3 14. hxg3 Qf6 15.
e4 c6 16. O-O-O Bb4 17. e5 Qe7 18. Rh5 c5 19. Nxg5 Bxc3 20. Nxe6 Bxb2+ 21. Kxb2
fxe6 22. Rdh1 O-O-O 23. Rxh6 Rxh6 24. Rxh6 Kb8 25. Rh7 Qf8 26. f4 cxd4 27. Qb3
Nc5 28. Qa3 Rc8 29. Bc2 d3 30. Bb1 Qg8 31. Rh3 Qg6 32. Qb4 Qe4 33. Qxe4 dxe4 34.
Kc3 Na4+ 35. Kd2 Nc3 36. Bxd3 exd3 37. Kxd3 Nxa2 38. g4 Nb4+ 39. Kd4 Nc6+ 40.
Ke4 Rg8 41. g5 a5 42. Rh6 a4 43. Rxe6 a3 44. Rh6 Kc7 45. Rh7+ Kb6 46. e6 Kc5 47.
Rh1 Kd6 48. Ra1 Ra8 49. Kf5 Ke7 50. Kg6 b5 51. f5 Ne5+ 52. Kh7 b4 53. g6 Kf6 0-1

[Event "21st European Teams"]
[Site "Hersonissos GRE"]
[Date "2017.10.31"]
[Round "4.15"]
[Board "4"]
[White "Kjartansson, Gudmundur"]
[Black "Martins, David Pires Tavares"]
[Result "1-0"]
[WhiteTitle "IM"]
[BlackTitle "IM"]
[WhiteElo "2456"]
[BlackElo "2384"]
[WhiteTeam "Iceland"]
[BlackTeam "Portugal"]
[WhiteFideId "2301318"]
[BlackFideId "1909991"]
[EventDate "2017.10.28"]

1. d4 e6 2. c4 f5 3. g3 Nf6 4. Bg2 d5 5. Nf3 c6 6. O-O Bd6 7. Bf4 Bxf4 8. gxf4
O-O 9. Nbd2 Nbd7 10. e3 b6 11. Qa4 Bb7 12. cxd5 Nxd5 13. Nc4 Qe7 14. Nce5 N7f6
15. Rac1 Rfc8 16. a3 Ne4 17. Rc2 Rc7 18. Rfc1 Rac8 19. Nd2 Nxd2 20. Bxd5 exd5
21. Rxd2 c5 22. dxc5 bxc5 23. b4 cxb4 24. Rxc7 Rxc7 25. axb4 Rc1+ 26. Kg2 h6 27.
Rd4 g5 28. Qa3 Rc8 29. Qd3 Qe6 30. h3 gxf4 31. exf4 Kh8 32. b5 Qg8+ 33. Kf3 Qe6
34. Qb3 Kh7 35. Qa3 Qe8 36. Qd6 Qh5+ 37. Kg2 Rg8+ 38. Kh2 Bc8 39. Qxd5 Qe2 40.
Qf3 Qxb5 41. Rc4 Qb6 42. Qe3 Qxe3 43. fxe3 Bb7 44. h4 Rc8 45. Ra4 a6 46. h5 Rc3
47. Rb4 Be4 48. Ra4 Bb7 49. Rd4 Rc7 50. Kg3 Be4 51. Ra4 Ra7 52. Ra5 Kg7 53. Kf2
Kf6 54. Ke2 Ke6 55. Kd2 Ra8 56. Kc3 Rc8+ 57. Kd4 Bb7 58. Nc4 Rd8+ 59. Kc3 Kf6
60. Ra1 Rc8 61. Kb4 Bf3 62. Rxa6+ Rc6 63. Ra1 Bxh5 64. Rh1 Bg6 65. Ne5 Rc8 66.
Rxh6 1-0

[Event "21st European Teams"]
[Site "Hersonissos GRE"]
[Date "2017.10.31"]
[Round "4.16"]
[Board "1"]
[White "Karttunen, Mika"]
[Black "Pelletier, Yannick"]
[Result "1/2-1/2"]
[WhiteTitle "IM"]
[BlackTitle "GM"]
[WhiteElo "2465"]
[BlackElo "2540"]
[WhiteTeam "Finland"]
[BlackTeam "Switzerland"]
[WhiteFideId "502081"]
[BlackFideId "1301837"]
[EventDate "2017.10.28"]

1. d4 Nf6 2. c4 e6 3. Nc3 Bb4 4. f3 d5 5. a3 Bxc3+ 6. bxc3 c6 7. Qc2 Nbd7 8.
cxd5 cxd5 9. e4 e5 10. Bd3 O-O 11. Ne2 b6 12. exd5 Bb7 13. d6 Qb8 14. a4 exd4
15. cxd4 Rc8 16. Qb1 Qxd6 17. a5 Bd5 18. axb6 axb6 19. Rxa8 Rxa8 20. O-O Nf8 21.
Bd2 Ne6 22. Rc1 g6 23. Bb5 Bb7 24. Qb4 Qd8 25. Bc4 Bd5 26. Bd3 Bb7 27. Bc4 Bd5
28. Bd3 Bb7 29. Bc4 1/2-1/2